| 000 | 01971nam0a2200373 4500 | ||
|---|---|---|---|
| 001 | RU\NLR\BIBL_A\012880487 | ||
| 005 | 20221208112400.0 | ||
| 010 |
_a978-5-04-164887-9 _95000 |
||
| 021 |
_aRU _bКН-П-22-044562 _9КН-П-22-3852 |
||
| 035 | _a(NLR Aleph) 012880487 | ||
| 035 | _a(RuMoRGB)011135954 | ||
| 090 |
_a12518006 _c12518006 |
||
| 100 | _a20220902d2022 m y0rusy50 ca | ||
| 101 | 0 | _arus | |
| 102 | _aRU | ||
| 105 | _ay z 000zy | ||
| 181 | 0 |
_ai _baxxe |
|
| 182 | 0 | _an | |
| 200 | 1 |
_aВстреча с отцом Андреем Ткачевым _eвопросы о жизни и вере _eправдивый ответ _e[по любимой программе "Встреча" на телеканале "Спас"] |
|
| 203 |
_aТекст _bвизуальный _cнепосредственный |
||
| 210 |
_aМосква _cЭксмо _d2022 |
||
| 215 |
_a283, [1] с. _d21 |
||
| 330 | _aТексты в этой книге - это беседы священника Андрея Ткачева с молодежью на "СПАСе". Здесь обсуждаются важные для жизни любого человека вопросы и понятия: мирская жизнь, исцеление души, отношения, праздники, обряды. Все через христианский дискурс с умом и сердцем автора | ||
| 606 | 1 |
_aБеседы религиозные православные _2nlr_sh1 _2nlr_sh2 _3RU\NLR\AUTH\661344670 |
|
| 686 | 2 | _aЭ372.24-681.2 | |
| 700 | 1 |
_aТкачев _bА. Ю. _cсвященнослужитель _f1969- _gАндрей Юрьевич _3RU\NLR\AUTH\7796520 |
|
| 712 | 0 | 2 |
_a"Спас", телеканал _cМосква _3RU\NLR\AUTH\880427135 _4570 |
| 942 | _cBOOK | ||
| 980 | _aNB | ||